000 00437cam a2200181ua 4500
001 4230
008 111221n ii |||gr||||Z||||||asm
040 _cMAIN
082 _a891.4513
100 1 _aChaliha, Saurav Kumar,
245 1 1 _aDuparia
_cby Saurav Kumar Chaliha
250 _a3rd.
260 _aGuwahati:
_bLawyers book stall,993.
300 _a86p:
_c23cm.
653 _aAssamese short stories
653 _aDuparia
942 _cBK
999 _c4051
_d4051